00260nam a2200121Ia 45000030006000000080041000060400015000471000010000622450028000722600009001005460012001090050017001210STCL150530s9999 xx 000 0 und d aSTCLcSTCL aTwain aLife on the mississippi c1985 aEnglish20220125171347.0